000 00947nam a22002417a 4500
008 240605b mp ||||| |||| 00| 0 mon d
020 _a978-99973-1-900-5
035 _a25532
040 _aHE0623081
_bmon
_cMN-UlNLM
_dMN-UlNLM
_erda
041 _amon
042 _a59371
084 _2NNA
_a84(0)-44
_bГ.649
100 _aРожер Ланслин Г.
245 0 _aРобингүүдийн адал явдал
264 _aУБ.
_bМонсудар хэвлэлийн газар
_c2021
300 _a351х.
336 _2rdacontent
_atext
_btxt
337 _2rdamedia
_aunmediated
_bn
338 _2rdacarrier
_avolume
_bnc
650 _a" Трой хотын үлгэр " Эртний Египетийн үлгэрүүд Грекийн баатруудын үлгэрүүд Артур хаан ба дугуй ширээний хүлэг баатрууд " зэрэ...
942 _2NNA
_cBK
999 _c895215
_d895272